[Event "GER-ch 70th"]
[Site "Bremen"]
[Date "1998.11.12"]
[Round "7"]
[White "Tischbierek, Raj"]
[Black "Luther, Thomas"]
[Result "0-1"]
[WhiteElo "2515"]
[BlackElo "2560"]
[Annotator "Psakhis,L"]
[PlyCount "34"]
[EventDate "1998.11.06"]
[EventType "swiss"]
[EventRounds "9"]
[EventCountry "GER"]
[SourceTitle "CBM 068"]
[Source "ChessBase"]
[SourceDate "1999.02.01"]
[SourceVersion "1"]
[SourceVersionDate "1999.02.01"]
[SourceQuality "1"]

1. e4 e6 2. d4 d5 3. Nd2 c5 4. exd5 Qxd5 5. Ngf3 cxd4 6. Bc4 Qd6 7. Qe2 {
Fashionable and interesting move , deserves attention but doesn,t garantee
advantage for the White.} Nf6 8. Nb3 Nc6 9. Bg5 Be7 {Stronger then} (9... h6 $6
10. Bxf6 gxf6 11. O-O-O Bd7 12. Nbxd4 Qf4+ 13. Kb1 Be7 14. Rhe1 Nxd4 15. Rxd4
$36 {1-0 Weinzettl,E-Koutsin,S/Hollabrunn op 1998 (28)}) ({Black could try also
} 9... a6 10. O-O-O Qc7 $5 (10... b5 11. Bd3 Be7 12. Nbxd4 Nxd4 13. Nxd4 Qd5
14. Bxf6 Bxf6 15. Kb1 Qc5 16. Be4 Ra7 17. Bc6+ Ke7 18. Qe3 $40 {1-0 Lemmers,
O-Andreev,E/Wch students Rotterdam 1998 (29)}) 11. Nbxd4 Nxd4 12. Nxd4 Be7 13.
Rhe1 O-O 14. Nf5 Bb4 $1 15. Bxf6 Qf4+ 16. Qe3 {1/2-1/2 Larios Crespo,M-Pomes
Marcet,J/ESP-ch Linares 1998 (16)}) 10. O-O-O h6 (10... Nd5 11. Nbxd4 Bxg5+ 12.
Nxg5 Qf4+ 13. Qd2 Qxd2+ 14. Rxd2 Nxd4 15. Bxd5 h6 16. Rxd4 hxg5 17. Bf3 Rh4 18.
Rhd1 $14 {1-0 Lemmers,O-Koster,L/Nederland tt 1994 (41)}) 11. Nbxd4 $5 {
Interesting, but not obligatory sacrifice, white could continue simple} (11.
Bh4 Qf4+ ({dangerous for black} 11... a6 12. Bg3 Qd8 13. Nbxd4 Nxd4 14. Nxd4
Bd7 15. Nxe6 fxe6 16. Bxe6 {1-0 Anka,E-Obers,F/Dieren op 1998 (16)}) 12. Kb1
Qe4 $14) 11... hxg5 12. Nxe6 (12. Nxc6 $2 Qf4+ $19) 12... Qb8 $5 ({Also
possible} 12... Bxe6 13. Rxd6 Bxc4 {but after} 14. Qe3 $5 {I prefer white
position.} (14. Qxc4 Bxd6 15. Re1+ Be7 16. Nxg5 O-O)) 13. Nexg5 (13. Nxg7+ $2
Kf8 14. Bb5 Bd6 $19) 13... Qf4+ (13... O-O $2 14. Bxf7+ Rxf7 15. Qc4 $18) 14.
Kb1 O-O {[%cal Gc8g4]} 15. g3 (15. h3 $5) 15... Qc7 (15... Qf5 16. h4 $44) 16.
Bxf7+ $5 {Luther will get clear advantage if he will be lucky enough to
finished development and white couldn't waist time.} Rxf7 17. Qc4 $2 {[%mdl
8192] Very strange mistake, I even can't understand what Tischbierek blunder,
but it must be something simple. He had take the rook.} (17. Nxf7 {and after}
Kxf7 18. Qc4+ Kg6 ({lost immediately} 18... Kf8 $2 19. Ng5 Bb4 $140 20. Rd8+ $1
Ke7 21. Rhd1 $18) (18... Ke8 $5 19. Ng5 Bb4 (19... Bd6 20. Rhe1+ Ne5 (20... Be5
21. Rxe5+ $1) 21. Qd3 $18 {[%cal Rf2f4,Rd3d6,Rd3g6]}) 20. Rhe1+ (20. c3 Bf5+
21. Ka1 Ba5 $17) 20... Bxe1 (20... Kf8 $2 21. Rd8+ $1 $18) 21. Rxe1+ Kf8 22.
Qc5+ Kg8 23. Qc4+ Kh8 24. Qh4+ Kg8 25. Qc4+ $11) 19. Rhe1 $5 (19. Qd3+ Kh6 $17)
19... Bg4 20. Nh4+ $5 (20. Qd3+ Kf7 21. Ng5+ Kg8 22. Qc4+ Kh8 23. Nf7+ $11) (
20. Ne5+ $2 Qxe5 21. Rxe5 Nxe5) 20... Kh7 21. Qd3+ Kg8 (21... Kh8 22. Ng6+ Kg8
23. f3 $44) 22. Qc4+ $11) 17... Bf8 {Black has now big advantage, but, maybe,
Tischbierek could continue game with some practical chances, but he was so
dissapointed with his last move, that decided to resign.} 0-1

[Event "NED-chT 0102 playoff"]
[Site "Enschede"]
[Date "2002.05.09"]
[Round "1.4"]
[White "Hoffmann, Michael"]
[Black "Nikolic, Predrag"]
[Result "1/2-1/2"]
[WhiteElo "2428"]
[BlackElo "2653"]
[Annotator "Psakhis,L"]
[PlyCount "49"]
[EventDate "2002.05.09"]
[EventType "team-k.o."]
[EventRounds "2"]
[EventCountry "NED"]
[SourceTitle "CBM 089"]
[Source "ChessBase"]
[SourceDate "2002.08.12"]
[SourceVersion "1"]
[SourceVersionDate "2002.08.12"]
[SourceQuality "1"]
[WhiteTeam "ING/ESGOO Enschede"]
[BlackTeam "Hilversum HSG"]
[WhiteTeamCountry "NED"]
[BlackTeamCountry "NED"]

1. e4 e6 2. d4 d5 3. Nd2 a6 4. Ngf3 c5 5. dxc5 Bxc5 6. Bd3 Ne7 7. O-O Nbc6 8.
a3 O-O 9. b4 Ba7 10. Bb2 d4 $146 {Novelty} (10... b5 11. Nb3 Bb7 12. Qe2 Ng6
13. g3 d4 14. Rfd1 e5 15. c3 dxc3 16. Bxc3 Qe7 $13 {Xie Jun-Zhukova,N/Shanghai
SUFE Cup rapid 2001/1/2-1/2 (38)}) ({Nikolic tried few times with success} 
10... Ng6 $5 {for example} 11. e5 (11. g3 d4 12. Ne1 e5 13. Qh5 Qd7 14. Ng2 Qg4
15. Qxg4 Bxg4 16. f4 Rfd8 17. f5 Nf8 18. Ne1 Nd7 19. Kg2 f6 20. h3 Bh5 21. g4
Bf7 {0-1 Frolov,A-Nikolic,P/Lyon Eurocup tt 1994 (50)}) 11... f6 12. Bxg6 hxg6
13. Nb3 Bd7 14. Nc5 Bxc5 15. bxc5 Qe7 16. Qd2 Be8 17. Rfe1 Rd8 18. Re2 Bf7 19.
exf6 gxf6 20. Qh6 Be8 21. Nh4 Qf7 22. Rxe6 {1/2-1/2 Nedev,T-Nikolic,P/EU-Cup
Neum 2000/(22)}) 11. e5 Ng6 12. Re1 b5 13. g3 {I am not sure that White must
waste time for this move.} (13. Be4 $5 Bb7 14. Nb3 {[%csl Rd4] looks natural
and strong.}) 13... Bb7 (13... f5 14. exf6 Qxf6 15. Be4 $36) 14. Qe2 Rc8 {
[%csl Re5][%cal Ga7b8]} 15. h4 Bb8 16. Be4 Qb6 ({Worth considering is another
queen move} 16... Qd7 $142 $5 {for example} 17. Nb3 Ncxe5 18. Nxe5 Nxe5 19. Nc5
Rxc5 20. bxc5 Bxe4 $1 (20... f5 $2 21. Bxb7 Qxb7 22. f4 Nf3+ 23. Kf2 Nxe1 24.
Qxe6+ $16) 21. Qxe4 f5 $44) 17. Nb3 Rfd8 ({Nikolic in reason doesn't play} 
17... Ngxe5 18. Nxe5 Bxe5 19. Nc5 $1) 18. Rad1 ({After} 18. Nc5 Ba8 19. Bxg6
hxg6 20. Rad1 {Black is getting good counterplay with} a5 $1) 18... Ngxe5 (
18... Bxe5 19. h5 $1 (19. Bxg6 $2 hxg6 20. Nxe5 Nxe5 21. Qxe5 Qc6 $19) 19... d3
$8 20. cxd3 Bxb2 21. Qxb2 Nge7 22. h6 $1 $36) 19. Nfxd4 Nc4 ({Black could
continue game by playing} 19... Ne7 20. Bxb7 Qxb7 21. Nc5 Qa8 {but maybe
Nicolic just missed simple white's combination}) 20. Nxc6 Bxc6 21. Bxh7+ $1 {
This nice combination happen already many, many times in the last 100 years!}
Kxh7 22. Qh5+ Kg8 23. Bxg7 Kxg7 24. Qg5+ Kh7 (24... Kf8 25. Qh6+ Ke7 26. Rxe6+
$1 fxe6 27. Qg7+ $11) 25. Qh5+ 1/2-1/2

[Event "Aars get2net Cup GM"]
[Site "Aars"]
[Date "1999.10.23"]
[Round "8"]
[White "Pedersen, Steffen"]
[Black "Ostenstad, Berge"]
[Result "1-0"]
[WhiteElo "2427"]
[BlackElo "2446"]
[Annotator "Psakhis,L"]
[PlyCount "55"]
[EventDate "1999.10.18"]
[EventType "tourn"]
[EventRounds "9"]
[EventCountry "DEN"]
[EventCategory "9"]
[SourceTitle "CBM 074"]
[Source "ChessBase"]
[SourceDate "2000.02.01"]
[SourceVersion "1"]
[SourceVersionDate "2000.02.01"]
[SourceQuality "1"]

1. e4 e6 2. d4 d5 3. Nd2 c5 4. exd5 Qxd5 5. Ngf3 cxd4 6. Bc4 Qd6 7. Qe2 {
Rather rare move.} Nc6 {I don,t see too many problems for Black after normal} (
7... Nf6 $5 8. Nb3 Nc6 9. Bg5 a6 {for example} 10. O-O-O b5 11. Bd3 Be7 12. Kb1
Bb7 13. Nbxd4 Nxd4 14. Nxd4 O-O 15. Rhe1 Qxd4 16. Bxh7+ Nxh7 17. Rxd4 Bxg5 18.
f4 Bf6 $132 {1/2-1/2 Sermek,D-Naumkin,I/Porto San Giorgio op 1999 (26)}) 8. Ne4
Qc7 9. O-O Nf6 10. Bg5 $146 {New interesting move. Black did well after} (10.
b3 Be7 11. Bb2 e5 12. Nxf6+ gxf6 13. Nd2 h5 14. f4 Bg4 15. Qf2 O-O-O 16. Bxf7
exf4 17. Bc4 Bd6 {Anka,E-Almasi,I/HUN t-ch 1998/0-1 (40)}) ({or} 10. Rd1 Bd7 $5
{stronger than} (10... Be7 11. Nxd4 O-O 12. Nxc6 bxc6 13. Bg5 Nd5 14. Bxe7 Qxe7
15. Qd2 Rb8 16. b3 Qc7 17. Qd4 $14 {1-0 Sermek,D-Huzman,A/Dresden zt 1998 (34)}
) 11. Nxd4 Nxe4 12. Qxe4 Nxd4 13. Qxd4 Bc5 $5 14. Qxg7 O-O-O 15. Bf1 Bd6 16. h3
Bc6 17. Be3 Rhg8 18. Qc3 Rg6 $132 {1/2-1/2 Carlsson,P-Brinck Claussen,B/
Copenhagen op 1999 (34) with enough compensation for the pawn}) 10... Nxe4 11.
Qxe4 Bd6 ({leads to white advantage after} 11... Be7 12. Bxe7 Qxe7 13. Nxd4
Nxd4 14. Qxd4 O-O 15. Rad1 $36) 12. Rfe1 O-O 13. Nxd4 {Real pawn sacrifice,
but in the case of} (13. h3 e5 $17 {position of black is much better}) 13...
Bxh2+ 14. Kh1 Nxd4 15. Qxd4 Bd6 16. Rad1 Bc5 $5 ({Deserves attention and} 16...
Be7 {and it is not clear if White have enough compensation for the pawn}) 17.
Qh4 {[%cal Gd1d3,Gd3g3,Gg5f6]} Bxf2 $6 {Greediness!} (17... e5 $1 {was much
stronger}) 18. Qxf2 Qxc4 19. Bf6 $1 Qg4 {What else?} (19... gxf6 20. Rd4 $1
Qxd4 (20... Qb5 $2 21. Rg4+ (21. Qxf6 Qh5+ $1) 21... Qg5 22. Rxg5+ fxg5 23. Qf6
$18) 21. Qxd4 e5 (21... f5 22. Qf6 {[%cal Re1e3,Re3g3]}) 22. Qh4 $16 {looks
not very nice for Black.}) 20. Rd3 Qg6 $2 {One mistake foolows another. Black
could try to play} (20... g6 21. Rd4 $140 Qh5+ 22. Rh4 Qf5 23. Rf4 Qh5+ {or}) (
20... e5 21. Rg3 (21. Bxg7 $4 Qxg7 22. Rg3 Bg4 $19) 21... Qh5+ 22. Kg1 g6 23.
Rxe5 $40 {with some chances for defence.}) 21. Bxg7 $1 Kxg7 22. Rg3 Rd8 (22...
b6 $142 $5) 23. Rf1 f5 24. Qf4 {[%csl Rc8,Rg7]} Bd7 25. Rd1 $1 Rac8 (25... Qxg3
26. Qxg3+ Kf7 27. Qc7 $18 (27. Qh4 $18)) 26. Rxg6+ hxg6 27. Qg5 Kf7 28. Kg1 $1
(28. Kg1 $22 b5 29. Qh4 Ke8 (29... a6 30. Rxd7+ Rxd7 31. Qh7+ $18) 30. Qh8+ Ke7
31. Qg7+ Ke8 32. Rxd7) 1-0

[Event "RUS-chT 12th"]
[Site "Sochi"]
[Date "2005.04.21"]
[Round "3"]
[White "Vokarev, Sergey"]
[Black "Filippov, Valerij"]
[Result "0-1"]
[WhiteElo "2491"]
[BlackElo "2621"]
[Annotator "Psakhis,L"]
[PlyCount "80"]
[EventDate "2005.04.19"]
[EventType "team-tourn"]
[EventRounds "11"]
[EventCountry "RUS"]
[SourceTitle "EXT 2020"]
[Source "ChessBase"]
[SourceDate "2019.10.17"]
[SourceVersion "1"]
[SourceVersionDate "2019.10.17"]
[SourceQuality "1"]
[WhiteTeam "Nizhny Tagil Politekhnik"]
[BlackTeam "Kazan Ladya"]
[WhiteTeamCountry "RUS"]
[BlackTeamCountry "RUS"]

1. e4 e6 2. d4 d5 3. Nd2 c5 4. exd5 Qxd5 5. Ngf3 cxd4 6. Bc4 Qd6 7. O-O Nf6 8.
Nb3 Nc6 9. Nbxd4 Nxd4 10. Qxd4 $6 (10. Nxd4 $1) 10... Bd7 (10... Qxd4 11. Nxd4
Bd7 12. Be2 Bc5 (12... Rc8 13. c4 Bd6 14. Rd1 Ke7 15. Be3 Rhd8 16. Rac1 b6 17.
Bf3 e5 18. Nb5 Bxb5 19. cxb5 e4 20. Be2 Rxc1 21. Bxc1 Rc8 22. Bg5 Rc5 23. Be3
Rc2 {1/2-1/2 Biriukov,O-Ionov,S/St.Petersburg Chigorin mem 2004/ChessBase (60)}
) 13. Nb3 Bd6 (13... Bb6 14. Bf3 Rc8 $1 (14... Bc6 15. Bxc6+ bxc6 16. Nd2 O-O
17. Nc4 Bc7 18. Rd1 Rfd8 19. Bg5 Rxd1+ 20. Rxd1 Nd5 21. a3 Kf8 22. Bc1 Ke7 {
1-0 Gavrilov,A-Vaingorten,Y/St Petersburg WN 2001/The Week in Chess 344 (55)})
15. c3 Bc6 16. Bxc6+ Rxc6 17. Bf4 Ke7 18. Rad1 Ne4 $146 (18... Rd8 19. Rxd8
Kxd8 20. Rd1+ Ke7 $11) 19. Be5 f6 (19... Nxf2 $6 20. Rxf2 Bxf2+ 21. Kxf2 f6 22.
Bd4 Rd8 23. Ke2 (23. Bc5+ $2 Rxc5 24. Rxd8 Rf5+ $19) 23... b6 24. Ra1 $1 $14 {
Matulovic,M-Rustemov,A/Skopje 2001/ChessBase/ (28)}) 20. Bd4 Rd8 (20... e5 $6
21. Rfe1 $1 Nd6 22. f4 $16) 21. Rfe1 Ng5 $11) 14. c4 O-O-O 15. Be3 Kb8 16. Rfd1
Be5 17. Nd4 Rc8 18. a4 Rhd8 19. f4 Bc7 20. Nb5 Bxb5 21. axb5 Rxd1+ 22. Rxd1 $14
{1/2-1/2 Van der Wiel,J-Kasimdzhanov,R/Wijk aan Zee-B 1998/ChessBase (41)}) 11.
Rd1 (11. Bf4 $5) 11... Qxd4 12. Nxd4 Rc8 13. Be2 (13. Bb3 Bc5 14. c3 Ke7 15. h3
Rhd8 16. Be3 Be8 17. Kf1 Nd5 18. Nf5+ exf5 19. Rxd5 Rxd5 20. Bxd5 Bxe3 21. fxe3
Rd8 22. c4 Bd7 23. b3 b6 24. Ke2 Be6 25. Bf3 Kf6 26. Rd1 Rxd1 27. Kxd1 g5 {
Seitler,A-Petrik,T/SVK t-ch1W 0304 2004/EXT 2005/0-1 (60)}) 13... Bc5 {Black
achieved everything he wanted from the opening.} 14. c4 O-O $146 (14... e5 15.
Nb3 Bb6 16. Bd2 Ne4 17. Be1 Be6 18. Rac1 O-O 19. Kf1 f5 20. Bb4 Rfd8 21. f3
Rxd1+ 22. Rxd1 Nf6 23. Nd2 Bd4 24. h3 Kf7 25. f4 exf4 26. Nf3 Bc5 27. Ne5+ Ke7
28. Bxc5+ Rxc5 29. Nd3 {Bisco,I-Balogh,P/SVK-ch 1994/ChessBase/0-1 (42)}) 15.
Be3 (15. Bf4 $5 {[%csl Ge5]} Ba4 16. b3 Rfd8 17. Be5 $5 (17. Be3) 17... Nd7 (
17... Be8 18. Bf3) 18. Bg3 Nf6 $5 (18... Nf8 19. Nxe6 Nxe6 20. bxa4 Nd4 21. Bd3
$14) 19. Nxe6 fxe6 20. bxa4 Ne4 21. Bg4 Kf7 $13) 15... b6 (15... e5 $5 16. Nc2
Rfd8 17. Bxc5 $140 Rxc5 18. b4 Rcc8 19. Ne3 Ba4 $1 $11 {[%cal Oa4d1,Gd8d1]})
16. Bf3 (16. Nc2 $5) 16... e5 17. Nc2 Be6 {Black completed his development and
has some advantage now: more space and more active pieces.} 18. b3 (18. Bxc5
Rxc5 19. b3 (19. Ne3 Bxc4 20. b4 Rcc8) 19... b5 $1) 18... Rfd8 (18... e4 19.
Be2 {[%cal Gc2d4]}) 19. h3 Kf8 20. Kf1 a5 (20... Bf5 $5 21. Bxc5+ bxc5 22. Ne3
Bd3+ 23. Be2 Be4 $15 {[%cal Gd8d4]}) 21. Ke1 Ke7 22. Bd2 {[%cal Gc2e3]} (22.
Bxc5+ $5 bxc5 23. Ne3 Rd4 24. Nc2 {could be interesting alternative to the
text.}) 22... e4 (22... Bf5 $5 23. Ne3 Be4 24. Bxe4 $140 (24. Ke2 Bd3+ 25. Ke1
Bd4) 24... Nxe4 25. Nd5+ Rxd5 $1 26. cxd5 Nxf2) 23. Be2 Nd7 {[%cal Gf7f5,Gd7e5]
Black has some advantage in the endgame, but he needs to invest a very big
effort to get something real.} 24. Bc3 (24. f3 $5) 24... f5 25. a3 Bd6 $5 {
[%cal Gd6e5,Gd7c5]} 26. Nd4 Be5 27. Rac1 g6 28. Nb5 (28. Rc2 $142 $5 {[%cal
Gc2d2]}) 28... Bxc3+ 29. Rxc3 Ne5 $15 {[%csl Ge5] Things have definitely gone
wrong for White who now needs just to fight for a draw} 30. Rxd8 Rxd8 31. b4 $6
{White probably counted on this move, but it has a serious flaw.} ({After
correct} 31. c5 $142 $5 {Vokarev would have all chances for successful defence,
for example:} bxc5 32. Rxc5 Nd3+ $140 33. Bxd3 Rxd3 34. b4 axb4 35. axb4 Rb3
36. Rc7+ Bd7 37. Nd4 $1 Rxb4 38. Nc6+ Kd6 39. Rxd7+ Kxc6 40. Rxh7 $11) 31...
axb4 32. axb4 Nc6 $1 {A concrete and good reaction, exploiting weaknesses of
White's queenside.} 33. c5 (33. Rb3 Rc8 $36) 33... Nxb4 (33... Rb8 $5) 34. c6 {
This looks tempting, but might be not the best objectively.} (34. cxb6 $5 Nd5
35. Rc6 Bd7 36. Nd4 $1 Rb8 $17) 34... Rc8 35. c7 $2 {This move isn't the most
stubborn though White's position is already lost anyway} (35. Nd4 $142 Rc7 $17)
35... Nd5 36. Rc2 Bd7 $19 37. Rb2 (37. Bc4 Nxc7) 37... Bxb5 38. Rxb5 Kd6 39.
Bc4 (39. g3 Rxc7 $19) 39... Nxc7 40. Rb3 (40. Rxb6+ $2 Kc5 41. Ba6 Ra8) 40...
Rb8 0-1

[Event "Chalapathi GM"]
[Site "Guntur"]
[Date "2000.04.08"]
[Round "6"]
[White "Yurtaev, Leonid"]
[Black "Prakash, GB."]
[Result "1-0"]
[WhiteElo "2536"]
[BlackElo "2435"]
[Annotator "Psakhis,L"]
[PlyCount "107"]
[EventDate "2000.04.03"]
[EventType "tourn"]
[EventRounds "13"]
[EventCountry "IND"]
[EventCategory "10"]
[SourceTitle "CBM 077"]
[Source "ChessBase"]
[SourceDate "2000.07.27"]
[SourceVersion "1"]
[SourceVersionDate "2000.07.27"]
[SourceQuality "1"]

1. e4 e6 2. d4 d5 3. Nd2 c5 4. Ngf3 cxd4 5. exd5 Qxd5 6. Bc4 Qd6 7. O-O Nf6 8.
Nb3 Nc6 9. Nbxd4 Nxd4 10. Nxd4 a6 11. Re1 Qc7 12. Qe2 (12. Bb3 Bd6 13. Nf5
Bxh2+ 14. Kh1 Kf8 $1 $132) 12... Bd6 (12... Bc5 13. c3 O-O 14. Bg5 Bxd4 15.
cxd4 Nd5 16. Rac1 Qb6 17. Qg4 $1 f5 18. Qf3 Qxd4 19. Bxd5 exd5 20. Rc7 $36 {
1-0 Speelman,J-Nogueiras,J/Barcelona 1989/Inf 47 (39)}) 13. Bg5 O-O {According
to theory this position is equal} 14. Bxf6 $146 ({In few games White tried} 14.
g3 {but after correct answer} Ne4 $1 {Black equalize easily, for example} 15.
Qxe4 Qxc4 16. Bf4 $5 (16. Rad1 h6 17. Nf3 Qxe4 18. Rxe4 Bc7 19. Be7 Re8 20. Bd6
Bd8 21. Re3 f6 22. c4 e5 23. Nd2 Bg4 $11 {Junior 6.0-Rebel_Tiger 12.0e/
Computers-ch Cadaques 2000/1/2-1/2 (107)}) 16... Bxf4 17. gxf4 Bd7 18. b3 Qc7
19. Rad1 Rae8 20. Qe5 Qb6 21. Qe3 Qc7 22. Qe5 Rc8 23. Qxc7 Rxc7 $11 {1/2-1/2
Van der Wiel,J-Nogueiras,J/Rotterdam 1989/}) 14... gxf6 15. Qg4+ Kh8 16. Qh4
Be7 17. Bf1 (17. Nf3 Rg8 $13) 17... f5 18. Qh5 Bf6 $11 {Black hasn't problems
with pair of strong bishops.} 19. c3 Rg8 20. g3 b5 21. Bg2 Bb7 22. Rad1 b4 (
22... Bxg2 23. Kxg2 Rad8 $11) (22... Rad8 $5 $11) 23. cxb4 Bxg2 24. Kxg2 Qb7+ (
24... Rg4 $143 25. Nf3 Rxb4 26. b3 $14) 25. Nf3 Bxb2 26. Re2 Bf6 {[%cal Gb7g2,
Rb7b4]} 27. Red2 Rad8 28. a3 Rxd2 29. Rxd2 Rg6 (29... Rg5 30. Qh6 Rg6 $13) 30.
Kf1 Qc6 31. Rd3 Qe4 ({Deserves attention} 31... a5 $5 32. bxa5 Qb5 33. Ne1 (33.
Ke2 Rg4 $1) 33... Qxa5) 32. Ne1 a5 33. bxa5 Qh1+ 34. Ke2 Qe4+ 35. Kd1 {Brave
Yurtaev playes for a victory, 35.Kf1 was safer} Qa4+ 36. Nc2 Qxa5 37. Qf3 Qb5 (
37... Rg8 $5 $11) 38. Ke1 Rg4 39. Kf1 Rc4 40. Nb4 Be7 41. Kg2 Bxb4 42. axb4
Rxb4 43. Qe3 Rg4 $2 {Prakash played quite well all game and after} (43... Qb7+
44. f3 Qe7 $15 {black's chances will be even slightly better}) 44. Rd8+ Kg7 (
44... Rg8 45. Qc3+ e5 46. Qc8 Rxd8 47. Qxd8+ Kg7 48. Qg5+ Kf8 49. Qxf5 Kg7 $11)
45. Qc3+ e5 (45... Kh6 46. Qf6+ Rg6 47. Qxf7 Qc6+ 48. Kh3 $14) 46. Qc8 Kh6 $4 {
[%mdl 8192] Terrible mistake!} (46... Qc4 $1 {still kept balance, for example}
47. Qxf5 (47. Rg8+ Kh6 48. Qf8+ Kh5 49. Rh8 Qe4+ 50. Kg1 Qb1+ $11) 47... Qe4+
48. Qxe4 Rxe4 $11) 47. Qxf5 $18 {[%csl Rh6]} Qc6+ (47... Qb7+ 48. f3) 48. f3
Rg5 (48... Rg7 49. Qxe5) 49. Qxf7 {Game is over} Qc2+ 50. Kf1 Qxh2 $6 (50...
Qb1+ 51. Ke2 Qc2+ 52. Rd2 $18) 51. Qf8+ Kh5 52. Qe8+ Rg6 (52... Kh6 53. Rd6+
Rg6 54. Rxg6+ hxg6 55. Qh8+ {[%cal Rh8h2]}) 53. Qxe5+ Kh6 (53... Rg5 54. g4+)
54. Qf4+ {White queen made a good job!} 1-0

[Event "Cappelle op 31st"]
[Site "Cappelle la Grande"]
[Date "2015.03.02"]
[Round "3"]
[White "Vovk, Andrey"]
[Black "Nevednichy, Vladislav"]
[Result "1/2-1/2"]
[WhiteElo "2642"]
[BlackElo "2557"]
[Annotator "RR"]
[PlyCount "257"]
[EventDate "2015.02.28"]
[EventType "swiss"]
[EventRounds "9"]
[EventCountry "FRA"]
[SourceTitle "EXT 2016"]
[Source "ChessBase"]
[SourceDate "2015.10.08"]
[SourceVersion "1"]
[SourceVersionDate "2015.10.08"]
[SourceQuality "1"]

1. e4 e6 2. d4 d5 3. Nd2 c5 4. exd5 Qxd5 5. dxc5 Bxc5 6. Ngf3 Nf6 7. Bd3 O-O 8.
Qe2 Nbd7 9. Nb3 (9. b3 Bb4 10. c4 Qh5 11. Bb2 b6 12. a3 Be7 13. O-O-O Bb7 14.
Kb1 Rfd8 15. Rhg1 g6 16. h3 Qa5 17. b4 Qa4 18. Rge1 a5 19. Bc2 Qc6 20. b5 Qc7
21. g4 Rac8 22. Qe3 Bf8 23. Ne5 Bg7 24. f4 Nc5 25. Ndf3 Be4 26. Bxe4 Nfxe4 27.
Nc6 Bxb2 28. Kxb2 Rd6 29. Nfd4 Qd7 30. Kc2 f5 31. Rg1 Qf7 32. Ne5 Qf8 33. Ndc6
a4 34. Rxd6 Nxd6 35. Rd1 Rc7 36. Qd4 Ndb7 37. g5 Nb3 38. Qb2 Qc5 {Mainka,R 
(2482)-Buhmann,R (2541) Germany 2008 1-0}) 9... Bb6 $146 (9... Bd6 10. Bg5 e5
11. Bc4 Qc6 12. Bb5 Qc7 13. O-O-O Nb6 14. Bxf6 gxf6 15. Nh4 Be6 16. Bd3 Kg7 17.
Bf5 Rac8 18. Kb1 Nc4 19. Rd3 e4 20. Rh3 Rh8 21. Qxe4 Be5 22. c3 Qb6 23. Qe2
Rhd8 24. Rd3 Rxd3 25. Bxd3 Nxb2 26. Nf5+ Kf8 27. Qxb2 Rxc3 28. Qa3+ Kg8 29.
Nh6+ Kg7 30. Nf5+ Kg8 31. Nh6+ Kg7 32. Nf5+ {1/2-1/2 (32) Ulibin,M (2511)
-Girinath,P (2404) Gurgon 2009}) 10. Be3 Bxe3 11. Qxe3 Ng4 12. Qe2 Nge5 13.
O-O-O Nxd3+ 14. Rxd3 Qb5 15. Rhd1 a5 $1 16. Qe3 a4 17. Nbd4 Qb6 18. Nd2 a3 19.
b3 Nf6 20. Qe5 Ng4 21. Qe2 e5 $11 22. h3 Nxf2 23. Qxf2 exd4 24. Rxd4 Be6 25.
Ne4 Qc7 26. R1d3 (26. Ng5 $5 {[%cal Gg5e6,Gf2h4]}) 26... Qe5 27. Nd6 h5 28. Qe3
Qf6 29. Qf4 Qxf4+ 30. Rxf4 Rfd8 31. Rfd4 Rd7 32. c4 $14 {En cas d'échanges
des R, le P"a3" risque de tomber} Kh7 33. Kd2 Rc7 34. Kc3 g5 35. Kb4 $36 h4 36.
Re3 Kh6 37. Re5 (37. Nb5 Rc6 38. Rd6 $1) 37... b6 38. Ne4 Rg8 39. Rd6 Rg6 40.
Rxb6 g4 41. Rbb5 Bd7 42. Rh5+ Kg7 43. Rbg5 {Un coup naturel mais peut-être
pas le plus précis} (43. Rbe5 gxh3 44. gxh3 Bxh3 45. Rxh4) 43... f5 $1 44. Nd6
Rxg5 (44... g3 45. Nxf5+ Kf6 $132) 45. Rxg5+ Kf6 46. Rh5 g3 47. c5 $6 (47. Nb5
{[%cal Gb5a3,Gh5h4]} Rb7 48. Kc5 f4 49. Nd4 $18 (49. Rxh4 $2 Kg5 $1 {[%csl Gg3]
[%cal Gf4f3,Gg3g1]})) 47... Bc6 48. Rxf5+ Ke6 49. Rh5 Bxg2 $132 50. Rh6+ Kd5
51. Rh5+ Ke6 52. Rh6+ Kd5 53. Rh5+ Ke6 54. Rxh4 Bf3 55. Ne4 Rg7 56. Nxg3 Rxg3
57. Kxa3 Kd5 58. Kb4 Kc6 59. Rh6+ Kc7 60. Rh7+ Kc6 61. Rh6+ Kc7 62. Ka5 Be4 63.
Re6 Bb1 64. Re2 Rxh3 $13 {Avec la structure a2b3, le B est un peu meilleur que
les P mais la finale est complexe} 65. Rb2 Be4 66. Rd2 Kc6 67. Kb4 Bd3 68. Rf2
Rh4+ 69. Kc3 Bh7 70. Rg2 Kxc5 71. Rg5+ Kc6 72. Rg2 Be4 73. Re2 Kc5 74. Rd2 Rh3+
75. Kb2 Bh7 76. Rg2 Kd4 77. Rd2+ Bd3 78. Rg2 Rh4 79. Rf2 Rh1 80. Rg2 Be4 81.
Re2 Kd3 82. Rc2 Ke3 83. Rc1 Rh2+ 84. Ka3 Bd3 85. Rc3 Kd4 86. Rc1 Rg2 87. Rd1
Kc3 88. Rc1+ Bc2 89. Rh1 Rg6 90. Rh3+ Bd3 91. Rh4 Rf6 92. Rg4 Rh6 93. Rf4 Rh2
94. Rf3 Kd4 95. Rg3 Bb1 96. Rg4+ Kd5 97. Rg5+ Kd6 98. Rg1 Rxa2+ 99. Kb4 Be4
100. Rd1+ Bd5 101. Rd3 Rc2 102. Rc3 Rd2 103. Rh3 Rd4+ 104. Kc3 Rg4 105. Rh6+
Kc5 106. Rh3 Rg2 107. Re3 Rg1 108. Rh3 Rb1 109. Kc2 Be4+ 110. Kc3 Rc1+ 111. Kb2
Rc2+ 112. Ka3 Kd4 113. Kb4 Rc8 114. Rh4 Re8 115. Rh3 Rf8 116. Ka3 Bd3 117. Kb2
Rf2+ 118. Ka3 Rf8 119. Kb2 Rg8 120. Rh4+ Be4 121. Rh3 Bd5 122. Ka3 Be6 123. Rf3
Rg5 124. Kb2 Bf5 125. Ka3 Bd3 126. Kb2 Rg2+ 127. Ka3 Rg7 128. Kb2 Rg1 129. Rh3
1/2-1/2